Remarkable words with astonishing origins /

Bibliographic Details
Main Author: Train, John
Format: Book
Language:English
Published: New York : C.N. Potter : [1980]
Edition:1st ed.
Subjects:

MARC

Tag First Indicator Second Indicator Subfields
LEADER 00000pam a2200000 i 4500
001 in00002393039
005 20151109073236.0
008 800506s1980 nyua 001 0 eng
010 |a  80015831  
020 |a 0517541858 :  |c $5.95 
020 |a 9780517541852 
029 1 |a NZ1  |b 3398406 
029 1 |a AU@  |b 000001727712 
035 |a (OCoLC)ocm06378979 
035 |a (OCoLC)6378979 
040 |a DLC  |c DLC  |d BTCTA  |d BAKER  |d TXA  |d UtOrBLW 
049 |a TXAM 
050 0 0 |a PE1574  |b .T77 1980 
100 1 |a Train, John. 
245 1 0 |a Remarkable words with astonishing origins /  |c by John Train ; illustrations by Pierre Le-Tan ; foreword by Alan Pryce-Jones. 
250 |a 1st ed. 
264 1 |a New York :  |b C.N. Potter :  |c [1980] 
264 2 |a New York :  |b Distributed by Crown Publishers, 
264 4 |c ©1980 
300 |a 63 pages :  |b illustrations ;  |c 19 cm. 
336 |a text  |b txt  |2 rdacontent 
337 |a unmediated  |b n  |2 rdamedia 
338 |a volume  |b nc  |2 rdacarrier 
500 |a Includes index. 
650 0 |a English language  |x Etymology. 
938 |a Baker and Taylor  |b BTCP  |n 80015831  |c $5.95 
938 |a Baker & Taylor  |b BKTY  |c 2.99  |d 2.69  |i 0517541858  |n 0000794480  |s active 
948 |a cataloged  |b h  |c 2008/6/27  |d c  |e vilik  |f 11:05:21 am 
994 |a C0  |b TXA 
999 |a MARS 
999 f f |s 6e3fe29e-2318-33d1-9e50-6b8793013d4c  |i 49863051-d208-3642-bfb5-230092a10b58  |t 0 
952 f f |p ric  |a Texas A&M University  |b Rellis Campus  |c Joint Library Facility  |d Remote Storage  |t 0  |e PE1574 .T77 1980  |h Library of Congress classification  |i unmediated -- volume  |m A14837258160 
998 f f |a PE1574 .T77 1980  |t 0  |l Remote Storage